Score 0/21 Timer 05:00
0 Plays Today
Quote Game Show % Correct
'The actual retail price is $750..'The Price is Right
97%
'We asked 100 people..name something you look forward to doing on the weekend?'Family Feud
96.7%
'Higher! Higher! Lower!'Card Sharks or The Price is Right
95.1%
'I'd like to buy a vowel'Wheel of Fortune
92.6%
'I'll take Historical Figures for $200'Jeopardy!
92.5%
'I think I'm going to ask the audience.'Who Wants to be a Millionaire?
91.5%
'Losers will go to the boardroom where somebody will be fired.”The Apprentice
87.5%
'Natasha, open the case..'Deal or No Deal
86.3%
'I'm sorry to tell you that you've been elminated from the race.'The Amazing Race
84.4%
'Immunity is back up for grabs'Survivor
83.4%
'I'll take Richard Simmons to block...'Hollywood Squares
77.1%
Quote Game Show % Correct
'Ladies, we asked your husbands what he thinks is your worst habit.'The Newlywed Game
74.4%
'Bachelor number one, if you were an animal what kind of animal would you be and why?'Dating Game
68.9%
'Big bucks, no whammys!'Press Your Luck
64.1%
'Books, blackboard...' 'Things you'd find in a classroom'The $25,000 Pyramid
62.1%
'Is it door number one, number two, or number 3?'Let's Make A Deal
60.1%
'Mary was so fat..' 'How fat was she?'Match Game
54.2%
'Will the real inventor of Sporcle please stand up.'To Tell the Truth
39.7%
'Ladies and Gentleman, Gene Gene The Dancing Machine'The Gong Show
27.3%
'We'll be back in two and two.'Love Connection
25.6%
'Is it bigger than a breadbox?'What's My Line
19.9%

You're not logged in!

Compare scores with friends on all Sporcle quizzes.
OR
Log In

Sporcle TV

Today on Sporcle TV


Watch our educational content, quiz creation guides, and fun videos on Sporcle TV.

Show Comments

Extras

Created Oct 12, 2009ReportNominate
Tags:Quote Quiz, Show Quiz, hear

Top Quizzes Today


Score Distribution

Paid Content

Your Account Isn't Verified!

In order to create a playlist on Sporcle, you need to verify the email address you used during registration. Go to your Sporcle Settings to finish the process.

Report this User

Report this user for behavior that violates our Community Guidelines.

Details: